Ornamento barroco / (Record no. 117334)

MARC details
000 -LEADER
campo de control de longitud fija 00680nam a2200229 4500
001 - NÚMERO DE CONTROL
campo de control 117334
003 - IDENTIFICADOR DE NÚMERO DE CONTROL
campo de control ES-MaACL
005 - FECHA Y HORA DE LA ÚLTIMA TRANSACCIÓN
campo de control 20250811223821.0
007 - CAMPO FIJO DE DESCRIPCIÓN FÍSICA--INFORMACIÓN GENERAL
campo de control de longitud fija t|
008 - DATOS DE LONGITUD FIJA--INFORMACIÓN GENERAL
campo de control de longitud fija 071121s1956 sp af |||| | spa d
080 ## - NÚMERO DE LA CLASIFICACIÓN DECIMAL UNIVERSAL
Número de la Clasificación Decimal Universal 745.034.7(084)
100 1# - ENTRADA PRINCIPAL--NOMBRE DE PERSONA
Nombre de persona Peñalver, Antonio.
9 (RLIN) 90305
245 10 - MENCIÓN DEL TÍTULO
Título Ornamento barroco /
Mención de responsabilidad, etc. 34 láminas originales de Antonio Peñalver y J. Félix.
250 ## - MENCION DE EDICION
Mención de edición 1ª ed.
260 ## - PUBLICACIÓN, DISTRIBUCIÓN, ETC.
Lugar de publicación, distribución, etc. Valencia :
Nombre del editor, distribuidor, etc. Peñafel,
Fecha de publicación, distribución, etc. 1956.
300 ## - DESCRIPCIÓN FÍSICA
Extensión 2 h., 34 lám. :
Otras características físicas il. ;
Dimensiones 34 cm.
650 #4 - PUNTO DE ACCESO ADICIONAL DE MATERIA--TÉRMINO DE MATERIA
Término de materia o nombre geográfico como elemento de entrada Decoración y ornamentación.
9 (RLIN) 146968
650 07 - PUNTO DE ACCESO ADICIONAL DE MATERIA--TÉRMINO DE MATERIA
Término de materia o nombre geográfico como elemento de entrada Arte barroco
Fuente del encabezamiento o término embne
9 (RLIN) 10160
700 1# - ENTRADA AGREGADA--NOMBRE PERSONAL
Nombre de persona Félix, J.
9 (RLIN) 49210
852 ## - LOCALIZACIÓN
Ubicación ES-MaACL
Número de control de estantería C-12358
Holdings
Estatus retirado Estado de pérdida Estado de daño No para préstamo Biblioteca de origen Biblioteca actual Ubicación en estantería Fecha de adquisición Fuente de adquisición Total de préstamos Signatura topográfica completa Código de barras Visto por última vez Precio de reemplazo Tipo de ítem Koha
        Biblioteca del Ateneo de Madrid Biblioteca del Ateneo de Madrid Sala Palomar 17/01/2008     C-12358 1122334 23/02/2023 23/02/2023 Libro impreso